书目信息 |
| 题名: |
现代修辞学
|
|
| 作者: | 王德春 主编 | |
| 分册: | ||
| 出版信息: | 上海 上海外语教育出版社 2001.09 |
|
| 页数: | 555页 | |
| 开本: | 19cm | |
| 丛书名: | 21世纪修辞学丛书 | |
| 单 册: | ||
| 中图分类: | H , H051 | |
| 科图分类: | ||
| 主题词: | 写作学 , 修辞学 | |
| 电子资源: | ||
| ISBN: | 7-81080-158-9 | |
| 000 | 00673nam0 2200241 45 | |
| 001 | 0356630688 | |
| 005 | 20041018150148.59 | |
| 010 | @a7-81080-158-9@dCNY 25.00 | |
| 100 | @a20030624d2001 km y0chiy0120 ea | |
| 101 | 0 | @achi |
| 200 | 1 | @a现代修辞学@Axian dai xiu ci xue@d=MODERN RHETORIC@f王德春主编@FWang De Chun Zhu Bian |
| 210 | @a上海@c上海外语教育出版社@d2001.09 | |
| 215 | @a555页@d19cm | |
| 225 | 2 | @a21世纪修辞学丛书 |
| 410 | 0 | @12001 @a21世纪修辞学丛书 |
| 510 | @a=MODERN RHETORIC | |
| 606 | 0 | @a写作学 |
| 606 | 0 | @a修辞学 |
| 690 | @aH@v4 | |
| 690 | @aH051@v3 | |
| 701 | 0 | @a王德春@AWang De Chun@4主编 |
| 801 | 0 | @aCN@bPFT@c20041018 |
| 905 | @dH051@eW140 | |
| 现代修辞学=MODERN RHETORIC/王德春主编.-上海:上海外语教育出版社,2001.09 |
| 555页;19cm.-(21世纪修辞学丛书) |
| ←并列题名:=MODERN RHETORIC |
| ISBN 7-81080-158-9:CNY 25.00 |
| ● |
| 相关链接 |
|
|
|
正题名:现代修辞学
索取号:H051/W140
 
预约/预借
| 序号 | 登录号 | 条形码 | 馆藏地/架位号 | 状态 | 备注 |
| 1 | 370888 | 203708880 | 语言库209/209语言库 67排1列5层/ [索取号:H051/W140] | 在馆 | |
| 2 | 370889 | 203708899 | 语言库209/209语言库 67排1列5层/ [索取号:H051/W140] | 在馆 | |
| 3 | 370890 | 203708906 | 语言库209/209语言库 67排1列5层/ [索取号:H051/W140] | 在馆 | |
| 4 | 420517 | 204205172 | 外国语学院资料室/ [索取号:H051/W140] | 在馆 |